Diseño de cursos universitarios: una metodología de enfoque de sistemas
Guardat en:
| Autors principals: | , |
|---|---|
| Format: | Llibre |
| Idioma: | espanyol |
| Publicat: |
Santiago
s.n
1978
|
| Col·lecció: | Tecnología Curricular
|
| Matèries: | |
| Etiquetes: |
Afegir etiqueta
Sense etiquetes, Sigues el primer a etiquetar aquest registre!
|
MARC
| LEADER | 00000nam a2200000 a 4500 | ||
|---|---|---|---|
| 001 | UCY9473 | ||
| 003 | CL-VaPUC | ||
| 008 | 950717e19781100CL |||||||||||||||||spa|d | ||
| 082 | 0 | 4 | |a 378.107 |b SOT |2 21 |
| 100 | 0 | |a Soto Guzmán, Viola |e author |9 341663 | |
| 700 | 0 | |a Riquelme Hernández, Claudio |e author |9 341664 | |
| 245 | 1 | 0 | |a Diseño de cursos universitarios: una metodología de enfoque de sistemas |
| 300 | |a 199 p | ||
| 942 | |c BK | ||
| 945 | |d 19950717 00:00:00 |a cmena | ||
| 260 | |a Santiago |b s.n |c 1978 | ||
| 650 | 0 | |a Universidades |9 256317 | |
| 650 | 0 | |a Planificación de la educación |9 307333 | |
| 650 | 0 | |a Currículo |9 307290 | |
| 650 | 0 | |a Análisis de sistemas |9 260059 | |
| 650 | 0 | |a Métodos de investigación |9 262618 | |
| 650 | 7 | |a SISTEMOLOGIA |2 CL-VaPUC |9 341665 | |
| 650 | 0 | |a Optimización |9 339671 | |
| 650 | 0 | |a Calidad de la educación |9 307271 | |
| 583 | |a last modification |c 20160104 00:44:33 |k Rodrigo Vera | ||
| 490 | 0 | |a Tecnología Curricular | |
| 999 | |c 236560 |d 236558 | ||
| 952 | |0 0 |1 0 |4 0 |6 378_107000000000000_SOT_1978 |7 0 |8 P |9 244726 |a BIBEDU |b BIBEDU |c BIBEDU_PB |d 2019-11-18 |i 1531468 |o 378.107 SOT 1978 |p 1531468 |r 2019-11-18 |w 2019-11-18 |y BK |k EDU | ||
| 952 | |0 0 |1 0 |4 0 |6 378_107000000000000_SOT_1978 |7 0 |8 P |9 244727 |a BIBEDU |b BIBEDU |c BIBEDU_PB |d 2019-11-18 |i 1531476 |o 378.107 SOT 1978 |p 1531476 |r 2019-11-18 |w 2019-11-18 |y BK |k EDU | ||